The Inmos Saga : A triumph of National Enterprise?

Uloženo v:
Podrobná bibliografie
Hlavní autor: McLean, Mick
Médium: Kniha
Jazyk:Undetermined
Vydáno: London Frances Pinter 1985
Témata:
Tagy: Přidat tag
Žádné tagy, Buďte první, kdo otaguje tento záznam!
Thư viện lưu trữ: Trung tâm Học liệu Trường Đại học Cần Thơ
LEADER 00516nam a2200193Ia 4500
001 CTU_86624
008 210402s9999 xx 000 0 und d
082 |a 338.4 
082 |b M164 
100 |a McLean, Mick 
245 4 |a The Inmos Saga : 
245 2 |b A triumph of National Enterprise? 
245 0 |c Mick McLean and Tom Rowland 
260 |a London 
260 |b Frances Pinter 
260 |c 1985 
650 |a Technology transfer 
904 |i Năm 
980 |a Trung tâm Học liệu Trường Đại học Cần Thơ